States with the most NHL players produced - Statistics

General Stats
  • This quiz has been taken 22 times
  • The average score is 8 of 10
Answer Stats
Hint Answer % Correct
204 Michigan
95%
144 New York
95%
58 California
85%
308 Minnesota
80%
39 Pennsylvania
80%
80 Illinois
75%
229 Massachusetts
70%
44 Wisconsin
65%
35 Ohio
55%
36 Connecticut
50%
No matching quizzes found
Score Distribution
Percent of People with Each Score
Percentile by Number Answered
Your Score History
You have not taken this quiz